<?xml version="1.0" encoding="UTF-8"?>
<collection xmlns="http://www.loc.gov/MARC21/slim">
    <record>
        <controlfield tag="001">63991</controlfield>
        <controlfield tag="005">20171221155204.0</controlfield>
        <datafield tag="037" ind1=" " ind2=" ">
            <subfield code="a">TAZ-TFG-2017-3532</subfield>
        </datafield>
        <datafield tag="041" ind1=" " ind2=" ">
            <subfield code="a">spa</subfield>
        </datafield>
        <datafield tag="100" ind1="1" ind2=" ">
            <subfield code="a">Benkherfallah Barhiche, Fátima</subfield>
        </datafield>
        <datafield tag="242" ind1="0" ind2="0">
            <subfield code="a">Ready to wear- Ready to build: Designing architecture and fashion in the 1960s</subfield>
        </datafield>
        <datafield tag="245" ind1="0" ind2="0">
            <subfield code="a">Ready to wear-Ready to build : El diseño de arquitectura y moda en los años sesenta</subfield>
        </datafield>
        <datafield tag="260" ind1=" " ind2=" ">
            <subfield code="a">Zaragoza</subfield>
            <subfield code="b">Universidad de Zaragoza</subfield>
            <subfield code="c">2017</subfield>
        </datafield>
        <datafield tag="506" ind1=" " ind2=" ">
            <subfield code="a">by-nc-sa</subfield>
            <subfield code="b">Creative Commons</subfield>
            <subfield code="c">3.0</subfield>
            <subfield code="u">http://creativecommons.org/licenses/by-nc-sa/3.0/</subfield>
        </datafield>
        <datafield tag="520" ind1=" " ind2=" ">
            <subfield code="a">La década de los años sesenta del pasado siglo se caracteriza por la confluencia del pesimismo derivado de las guerras europeas y la esperanza puesta en los avances tecnológicos. El comienzo del programa espacial, el creciente capitalismo y un  cierto sentimiento de no pertenencia a la sociedad anterior generó un imaginario ligado al conocido como Space Age. Todas estas características sientan las bases para una nueva ciudadanía que necesita de unas nuevas relaciones entre su ser y el entorno que les rodea, una nueva armadura concreta para afrontar su día a día.  Nuevos materiales plásticos, como vinilos, acetatos, o poliuretanos, fueron incluídos en la obra de quienes apostaron por construir esa nueva sociedad. Arquitectos y diseñadores exploraron las posibilidades de estos plásticos con el objetivo de reformular la relación entre el inviduo y su hábito. En estos años de agenda compartida, la moda y de la arquitectura búscaron un modo de implementar sus respectivas disciplinas a través de la innovación y la experimentación. Este trabajo analiza las propuestas de André Courrèges, Pierre Cardin y Paco Rabanne en este contexto, con el objetivo de reflexionar sobre cómo introdujeron los nuevos materiales plásticos a sus colecciones abriendo un camino inexplorado anteriormente.</subfield>
        </datafield>
        <datafield tag="521" ind1=" " ind2=" ">
            <subfield code="a">Graduado en Estudios en Arquitectura</subfield>
        </datafield>
        <datafield tag="540" ind1=" " ind2=" ">
            <subfield code="a">Derechos regulados por licencia Creative Commons</subfield>
        </datafield>
        <datafield tag="700" ind1=" " ind2=" ">
            <subfield code="a">Pérez Moreno, Lucía Carmen</subfield>
            <subfield code="e">dir.</subfield>
        </datafield>
        <datafield tag="710" ind1="2" ind2=" ">
            <subfield code="a">Universidad de Zaragoza</subfield>
            <subfield code="b">Unidad Predepartamental de Arquitectura</subfield>
            <subfield code="c">Composición Arquitectónica</subfield>
        </datafield>
        <datafield tag="856" ind1="0" ind2=" ">
            <subfield code="f">646457@celes.unizar.es</subfield>
        </datafield>
        <datafield tag="856" ind1="4" ind2=" ">
            <subfield code="s">79802919</subfield>
            <subfield code="u">http://zaguan.unizar.es/record/63991/files/TAZ-TFG-2017-3532.pdf</subfield>
            <subfield code="y">Memoria (spa)</subfield>
        </datafield>
        <datafield tag="909" ind1="C" ind2="O">
            <subfield code="o">oai:zaguan.unizar.es:63991</subfield>
            <subfield code="p">driver</subfield>
            <subfield code="p">trabajos-fin-grado</subfield>
        </datafield>
        <datafield tag="950" ind1=" " ind2=" ">
            <subfield code="a"></subfield>
        </datafield>
        <datafield tag="951" ind1=" " ind2=" ">
            <subfield code="a">deposita:2017-12-21</subfield>
        </datafield>
        <datafield tag="980" ind1=" " ind2=" ">
            <subfield code="a">TAZ</subfield>
            <subfield code="b">TFG</subfield>
            <subfield code="c">EINA</subfield>
        </datafield>
    </record>

    
</collection>